Héros de Miraculous - Statistiques

Statistiques générales
  • Ce quiz a été pris 180 fois
  • Le résultat moyen est 13 sur 19
Statistiques - réponses
Animal Nom du super-héros Nom de son kwami % Correct
Coccinelle Ladybug Tikki
100%
Chat Chat Noir Plagg
99%
Abeille Queen Bee/Vesperia Pollen
93%
Serpent Viperion Sass
88%
Renard Réna Rouge Trixx
88%
Tortue Carapace Wayzz
83%
Papillon Papillon Nooroo
75%
Lapin Bunnyx Fluff
74%
Tigre Tigresse Pourpre Roar
74%
Souris Polymouse Mullo
69%
Cheval Pégase Kalki
65%
Chien Craque-Noisette Bark
64%
Paon Mayura Duusu
64%
Dragon Ryuko Long
64%
Taureau Minotauros Stomp
50%
Chèvre Caprikid Ziggy
47%
Cochon Pigella Daisy
35%
Coq Cocourage Orico
18%
Singe Roi Singe Zoopoo
2%
Aucun quiz correspondant
Distribution des résultats
% des personnes avec chaque résultat
Percentile par nombre de réponses
Votre historique - résultats
Vous n’avez pas pris ce quiz